The MAKING of a man, the journey so far : (Record no. 11024)

MARC details
000 -LEADER
fixed length control field 00669nam a22001817a 4500
008 - FIXED-LENGTH DATA ELEMENTS--GENERAL INFORMATION
fixed length control field 230428b |||||||| |||| 00| 0 eng d
020 ## - INTERNATIONAL STANDARD BOOK NUMBER
ISBN 9783003275
040 ## - CATALOGING SOURCE
Original cataloging agency NLN
Language of cataloging English
Description conventions AACR2
245 ## - TITLE STATEMENT
Title The MAKING of a man, the journey so far :
Remainder of title Deacon Vincent Agenmonmen JP, the odalo of Uromi /
Statement of responsibility, etc edited by David O. Umobuarie
260 ## - PUBLICATION, DISTRIBUTION, ETC. (IMPRINT)
Place of publication Benin City (7, Erie Street, off Sakpnda Road, P. O. Box 4351) :
Name of publisher King David,
Date of publication 2005
300 ## - COLLATION
Pagination xii, 265p. ;
Other physical details 21cm.
650 ## - TRACINGS
Main Subject Agenmonmen, Vincent, 1945-
650 ## - TRACINGS
Main Subject Clergy
Subdivision (1st) Nigeria
Subdivision (2nd) Biography
700 ## - ADDITIONAL AUTHOR
Additional Author <a href="Umobuarie, David O.">Umobuarie, David O.</a>
Relator term edt
942 ## - ADDED ENTRY ELEMENTS (KOHA)
Item type Books
050 ## - LIBRARY OF CONGRESS CALL NUMBER
Classification number DT515.83.A265
Item number M235
082 ## - DEWEY DECIMAL CLASSIFICATION NUMBER
Classification number 922
Holdings
Source of classification or shelving scheme Not for loan Home library Current library Date acquired Full call number Barcode. Koha item type
Library of Congress Classification   BENIN BRANCH National Library of Nigeria 28/04/2023 DT515.83.A265 M235 2023-0123 Books

National Library of Nigeria OPAC is powered by Koha